000
00321nam a22001337a 4500
020
_a
9781564842725
082
_a
371.3344678 SOL
100
_a
Solomon, Gwen
245
_a
Web 2.0 how-to for educators
260
_a
Washington
_b
ISTE
_c
2010
300
_a
x, 288 p. :
_e
24 cm
650
_a
Internet in education
942
_c
BK
999
_c
12852
_d
12852